LEADER 01861nam 2200601 450 001 9910158627403321 005 20170918201833.0 010 $a1-68275-126-0 010 $a1-938486-44-7 035 $a(CKB)3710000000220755 035 $a(EBL)1381935 035 $a(SSID)ssj0001288691 035 $a(PQKBManifestationID)12531397 035 $a(PQKBTitleCode)TC0001288691 035 $a(PQKBWorkID)11295451 035 $a(PQKB)11319446 035 $a(MiAaPQ)EBC4775435 035 $a(EXLCZ)993710000000220755 100 $a20170117h20132013 uy 0 101 0 $aeng 135 $aur|n|---||||| 181 $ctxt 182 $cc 183 $acr 200 14$aThe dogs and I $etrue tails from the Mississippi /$fKenny Salwey 210 1$aGolden, Colorado :$cFulcrum,$d2013. 210 4$d©2013 215 $a1 online resource (208 p.) 300 $aDescription based upon print version of record. 311 $a1-938486-36-6 330 $a
Renowned storyteller Kenny Salwey shares stories of the dogs in his life.
606 $aNaturalists$zWisconsin$vBiography 606 $aDogs$xBehavior 606 $aHuman-animal relationships 606 $aRiver life$zMississippi River Watershed 606 $aCountry life$zMississippi River Watershed 607 $aMississippi River Watershed$xSocial life and customs 608 $aElectronic books. 615 0$aNaturalists 615 0$aDogs$xBehavior. 615 0$aHuman-animal relationships. 615 0$aRiver life 615 0$aCountry life 676 $a508.092 686 $aBIO026000$aPET004000$aSPO022000$aNAT049000$2bisacsh 700 $aSalwey$b Kenny$f1943-$01240563 801 0$bMiAaPQ 801 1$bMiAaPQ 801 2$bMiAaPQ 906 $aBOOK 912 $a9910158627403321 996 $aThe dogs and I$92878057 997 $aUNINA LEADER 01871nas 2200409 n 450 001 990008974230403321 005 20240229084547.0 011 $a0272-1708 035 $a000897423 035 $aFED01000897423 035 $a(Aleph)000897423FED01 035 $a000897423 091 $2CNR$aP 00080831 100 $a20161109a19819999km-y0itaa50------ba 101 0 $aeng 102 $aUS 110 $aauu-------- 200 1 $aIEEE control systems magazine 207 1$a1981- 210 $aNew York$cIEEE Control Systems Society. 430 0$12001$aIEEE Control Systems Society newsletter 452 0$1001000897424$12001$aIEEE control systems magazine 530 0 $aIEEE control systems magazine 676 $a629 676 $a621 676 $a629.8 712 02$aInstitute of Electrical and Electronics Engineers 801 0$aIT$bACNP$c20090723 859 4 $uhttp://acnp.cib.unibo.it/cgi-ser/start/it/cnr/dc-p1.tcl?catno=53696&person=false&language=ITALIANO&libr=&libr_th=unina1$zBiblioteche che possiedono il periodico 901 $aSE 912 $a990008974230403321 958 $aBiblioteca Interdipartimentale di Ingegneria Elettrica, Elettronica e delle Telecomunicazioni, Informatica e Sistemistica. Universitą degli studi di Napoli "Federico II"$b1981-1999;$c1982;$eD6$fDINEL 959 $aDINEL 996 $aIEEE control systems magazine$9796221 997 $aUNINA AP1 8 $6866-01$aNA106 Biblioteca Interdipartimentale di Ingegneria Elettrica, Elettronica e delle Telecomunicazioni, Informatica e Sistemistica. Universitą degli studi di Napoli "Federico II"$bD6$eVia Claudio,21, 80125 Napoli (NA)$m081/7683242-3533$m0817683242$nit AP2 40$aacnp.cib.unibo.it$nACNP Italian Union Catalogue of Serials$uhttp://acnp.cib.unibo.it/cgi-ser/start/it/cnr/df-p.tcl?catno=53696&language=ITALIANO&libr=&person=&B=1&libr_th=unina&proposto=NO